Loading...
| Literature - European | 0 | 7 | 0 | 1 | 70 | 36 | 70.57 | 1 | 3 | 0.00 | 0.00 |
| Science - Chemistry | 0 | 7 | 1 | 0 | 65 | 18 | 43.00 | 2 | 6 | 0.00 | 0.00 |
| Science - Biology | 0 | 5 | 2 | 0 | 40 | 21 | 39.60 | 3 | 5 | 0.00 | 0.00 |
| Literature - World | 0 | 4 | 0 | 1 | 40 | 68 | 88.00 | 0 | 2 | 0.00 | 0.00 |
| Science - Physics | 0 | 4 | 1 | 0 | 35 | 52 | 84.00 | 1 | 3 | 0.00 | 0.00 |
| Literature - American | 0 | 4 | 1 | 0 | 35 | 19 | 67.00 | 2 | 2 | 0.00 | 0.00 |
| Literature - British | 0 | 4 | 1 | 0 | 35 | 36 | 69.25 | 1 | 2 | 0.00 | 0.00 |
| Fine Arts - Classical Music | 0 | 4 | 2 | 1 | 30 | 44 | 87.00 | 0 | 2 | 0.00 | 0.00 |
| Science - Other | 0 | 3 | 1 | 1 | 25 | 88 | 95.67 | 0 | 0 | 0.00 | 0.00 |
| Mythology | 0 | 2 | 0 | 0 | 20 | 72 | 73.50 | 0 | 1 | 0.00 | 0.00 |
| Philosophy | 0 | 2 | 1 | 0 | 15 | 35 | 63.00 | 1 | 1 | 0.00 | 0.00 |
| Religion | 0 | 2 | 1 | 0 | 15 | 64 | 70.50 | 0 | 1 | 0.00 | 0.00 |
| Fine Arts - Painting and Sculpture | 0 | 2 | 1 | 0 | 15 | 82 | 95.50 | 0 | 0 | 0.00 | 0.00 |
| History - European | 0 | 1 | 0 | 0 | 10 | 54 | 54.00 | 0 | 0 | 0.00 | 0.00 |
| History - World | 0 | 1 | 0 | 1 | 10 | 111 | 111.00 | 0 | 0 | 0.00 | 0.00 |
| Fine Arts - Other | 0 | 1 | 1 | 0 | 5 | 62 | 62.00 | 0 | 1 | 0.00 | 0.00 |
| Geography | 0 | 0 | 0 | 0 | 0 | 0.00 | 0 | 0 | 0.00 | 0.00 | |
| Current Events | 0 | 0 | 1 | 0 | -5 | 0.00 | 0 | 0 | 0.00 | 0.00 | |
| History - American | 0 | 0 | 1 | 0 | -5 | 0.00 | 0 | 0 | 0.00 | 0.00 |